Statistics for U.S. Airport Codes (Level 1)

Click here to take the quiz!

General Stats

  • This quiz has been taken 70 times
  • The average score is 24 of 30

Answer Stats

AirportIATA Code% Correct
Los Angeles International AirportLAX
98%
John F. Kennedy International AirportJFK
95%
Seattle-Tacoma International AirportSEA
93%
Denver International AirportDEN
91%
Miami International AirportMIA
91%
Phoenix Sky Harbor International AirportPHX
89%
San Francisco International AirportSFO
89%
Salt Lake City International AirportSLC
89%
Hartsfield-Jackson Atlanta International AirportATL
88%
Dallas Fort-Worth International AirportDFW
88%
Chicago-O'Hare International AirportORD
88%
Minneapolis-Saint Paul International AirportMSP
82%
LaGuardia AirportLGA
81%
Philadelphia International AirportPHL
81%
San Diego International AirportSAN
81%
Honolulu International AirportHNL
79%
McCarran International AirportLAS
75%
Baltimore-Washington International AirportBWI
74%
Midway International AirportMDW
74%
Tampa International AirportTPA
74%
Charlotte Douglas International AirportCLT
72%
Orlando International AirportMCO
72%
Logan International AirportBOS
68%
Fort Lauderdale-Hollywood International AirportFLL
68%
Detroit Metropolitan AirportDTW
67%
George W. Bush Intercontinental AirportIAH
67%
Newark Liberty International AirportEWR
65%
Washington Dulles International AirportIAD
65%
Portland International AirportPDX
65%
Ronald Reagan Washington National AirportDCA
63%

Score Distribution

Percentile by Number Answered

Percent of People with Each Score

Your Score History

You have not taken this quiz